Marketingový mix rodinného podniku Strinkin – Evro Trejd bakalárska práca

Salvato in:
Dettagli Bibliografici
Autore principale: Naumov, Risto
Ente Autore: Obchodná fakulta EU. Katedra marketingu
Altri autori: Hasprová, Mária, 1970-
Natura: Libro
Lingua:slovacco
Pubblicazione: Bratislava 2017
Tags: Aggiungi Tag
Nessun Tag, puoi essere il primo ad aggiungerne!!

MARC

LEADER 00000nbm a2200000 4500
001 0232701
005 20170920132200.0
041 0 |a slo 
044 |a SK 
245 1 0 |a Marketingový mix rodinného podniku Strinkin – Evro Trejd  |b bakalárska práca  |c Risto Naumov ; školiteľ: Mária Hasprová 
264 1 |a Bratislava  |c 2017 
300 |a 42 s. 
100 1 |a Naumov, Risto 
700 1 |a Hasprová, Mária, 1970- 
710 2 |a Obchodná fakulta EU. Katedra marketingu